000 00771nam a2200241 a 4500
001 46488
003 BD-RjUL
005 20211209054147.0
008 131223t1968 ii a b 001 0 eng d
035 _a(BD-RjUL)46606
040 _aDLC
_cDLC
_dEQO
_dBD-RjUL
_beng
041 _aeng
082 0 4 _a342.5409
_223
_bSHF 1968
100 1 _aShiva Rao, B.
_914912
245 1 4 _aThe framing of India's Constitution :
_b a study /
_cB. Shiva Rao (editor)
260 _aNew Delhi :
_bIndian Institute of Public Administration,
_cc1968.
300 _axii, 894 p. :
_bill. ;
_c25 cm.
650 0 _aConstitutional history
_zIndia
_vSources
_914913
650 0 _aConstitutional law
_zIndia
_913751
700 1 _aRao, B. Shiva (editor)
_914914
942 _2ddc
_cBK
999 _c46488
_d46488